[Event "Penang op 15th"]
[Site "Penang"]
[Date "2023.12.20"]
[Round "5"]
[White "Simanihuruk, Nathanael Dieudonne"]
[Black "Soo, Kai Jie"]
[Result "0-1"]
[WhiteElo "1880"]
[BlackElo "2074"]
[PlyCount "130"]
[EventDate "2023.12.18"]
[EventType "swiss"]
[EventRounds "9"]
[EventCountry "MAS"]
[SourceTitle "CB52_2023"]
[SourceDate "2023.12.27"]
[SourceVersion "1"]
[SourceVersionDate "2023.12.27"]
[SourceQuality "1"]

1. e4 e6 2. d4 d5 3. Nc3 Bb4 4. e5 c5 5. a3 Bxc3+ 6. bxc3 Ne7 7. h4 Qa5 8. Bd2 Qa4 9. Qb1 Nbc6 10. Nf3 Bd7 11. Bb5 Qa5 12. c4 Qc7 13. cxd5 Nxd5 14. c3 cxd4 15. cxd4 Qb6 16. Bc4 Nxd4 17. Bxd5 exd5 18. Qxb6 Nxf3+ 19. gxf3 axb6 20. Bb4 h5 21. Rg1 g6 22. Rc1 Rc8 23. Kd2 Rc6 24. Rc3 Bf5 25. Rgc1 Kd7 26. Ke3 Ra8 27. Kd4 Be6 28. f4 Rac8 29. f3 Ra8 30. R1c2 Rd8 31. Rc1 Rdc8 32. a4 Ra8 33. Ra1 Ra6 34. Raa3 Rc4+ 35. Rxc4 dxc4 36. a5 Kc6 37. axb6 Rxb6 38. Kc3 Bd5 39. Ra5 Bxf3 40. Kxc4 Kd7 41. Rc5 Bc6 42. Ra5 Bf3 43. Rc5 Bg2 44. Ba3 Rb1 45. Rc7+ Ke6 46. Kd4 Rd1+ 47. Ke3 Bd5 48. Bb4 Rb1 49. Bc5 Kf5 50. Bd4 Be6 51. Rc2 Rh1 52. Rc7 Rh3+ 53. Ke2 b5 54. Be3 Ke4 55. Bd2 Rxh4 56. Rd7 Rh1 57. Kf2 Rh2+ 58. Ke1 Kf3 59. Ba5 Rb2 60. Kd1 Kxf4 61. Ke1 Ke3 62. Kd1 Kf3 63. Bc3 Bb3+ 64. Ke1 Rb1+ 65. Kd2 Rd1# 0-1

[Event "Penang op 15th"]
[Site "Penang"]
[Date "2023.12.18"]
[Round "2"]
[White "Young, Angelo"]
[Black "Simanihuruk, Nathanael Dieudonne"]
[Result "1-0"]
[WhiteElo "2211"]
[BlackElo "1880"]
[PlyCount "81"]
[EventDate "2023.12.18"]
[EventType "swiss"]
[EventRounds "9"]
[EventCountry "MAS"]
[SourceTitle "CB52_2023"]
[SourceDate "2023.12.27"]
[SourceVersion "1"]
[SourceVersionDate "2023.12.27"]
[SourceQuality "1"]

1. d4 Nf6 2. Nf3 g6 3. g3 Bg7 4. Bg2 0-0 5. 0-0 d5 6. c4 c6 7. cxd5 cxd5 8. Ne5 Nc6 9. Nc3 e6 10. Nxc6 bxc6 11. b3 c5 12. dxc5 Nd7 13. Bd2 Nxc5 14. Rc1 Nd7 15. Nb5 a6 16. Nc7 Ra7 17. Ba5 Qe7 18. Qd2 Be5 19. Rc2 Nc5 20. Bb6 Rxc7 21. Bxc7 Bxc7 22. Rfc1 Bd6 23. b4 Na4 24. Rxc8 Bxb4 25. Rxf8+ Qxf8 26. Qc2 Nc3 27. e3 Qc5 28. Bf1 Qa5 29. Qb3 Qc5 30. Rc2 d4 31. exd4 Qxd4 32. Qc4 Qxc4 33. Bxc4 Ne4 34. Bxa6 Nc5 35. Bb5 Kf8 36. a4 Ke7 37. a5 Kd6 38. a6 Kc7 39. Be2 Kb6 40. Rb2 Ka5 41. a7 1-0